[Event "Sarajevo Bosnia-A 38th"]
[Site "Sarajevo"]
[Date "2008.05.24"]
[Round "2"]
[White "Predojevic, Borki"]
[Black "Morozevich, Alexander"]
[Result "0-1"]
[WhiteElo "2651"]
[BlackElo "2774"]
[Annotator "Erenburg,S"]
[PlyCount "70"]
[EventDate "2008.05.23"]
[EventType "tourn"]
[EventRounds "10"]
[EventCountry "BIH"]
[EventCategory "18"]
[SourceTitle "CBM 125"]
[Source "ChessBase"]
[SourceDate "2008.07.30"]
[SourceVersion "1"]
[SourceVersionDate "2008.07.30"]
[SourceQuality "1"]

1. e4 e6 2. d4 d5 3. Nc3 Nf6 4. e5 Nfd7 5. f4 c5 6. Nf3 Nc6 7. Be3 a6 8. Ne2 $5
{Quite a rare continuation, whose idea is to build a strong centre with c2-c3.}
(8. Qd2 {is a much more popular line.}) 8... Qb6 {Morozevich plays his
favourite line in this variation, despite his loss to Topalov in Linares last
year.} ({It's interesting to point out that Topalov has played this variation
himself with the black pieces and avoided 8...Qb6 line. I assume that
Predojevic prepared some improvement after 8...Be7.} 8... Be7 9. c3 O-O 10. g3
cxd4 11. Nexd4 Nc5 12. Bg2 Bd7 13. O-O Rc8 14. Kh1 Ne4 15. Nxc6 bxc6 16. c4 a5
17. Qc2 g6 18. Rad1 Nc5 19. Nd4 Qc7 20. g4 Rfd8 21. Qf2 Be8 22. f5 Qxe5 23.
fxe6 $2 ({Much better is:} 23. Nf3 $1 {attacking the queen and the knight.} Qd6
24. fxg6 $1 Ne4 (24... hxg6 25. Ng5 Bxg5 26. Bxg5 f5 (26... Rd7 27. Bf6 $18 {
[%cal Yf2h4]}) 27. gxf5 gxf5 28. Rg1 Rd7 (28... Bg6 29. Bxd8 $18 {[%cal Yg2d5]}
) 29. Be3 $18) (24... fxg6 25. Ng5 Bxg5 (25... Nd7 26. Nf7 $18) 26. Bxc5 Bh4
27. Qg1 $1 Qc7 28. Qe3 Bf7 29. Qh6 g5 30. Qf6 {[%cal Yc5d4]} e5 31. Be7 Rf8 32.
cxd5 cxd5 33. Rxd5 $18) 25. gxh7+ Kh8 (25... Kxh7 26. Ng5+ $1 Nxg5 27. Qh4+ Kg8
28. Bxg5 $18) 26. Qc2 $18) 23... Nxe6 24. Nxe6 Qxe6 25. Rde1 Qxg4 26. Bd4 Qh4
$17 {0-1 Cheparinov,I (2696)-Topalov,V (2767)/Sofia BUL 2008/The Week in Chess
705 (38)}) 9. Qc1 g5 {Trying to literally destroy White's centre.} 10. c3 cxd4
11. cxd4 Bb4+ $1 {It is very important to make White's monarch move to the
a7-g1 diagonal.} 12. Kf2 f6 13. g3 {[%csl Rc8,Yd4,Ye5,Yf4,Yg3] In this opening
line White needs to stabilize the situation, which will promise him a big
advantage, thanks to his strong centre, space advantage and Black's passive
light-squared bishop. However, it turns out that Black has enough dynamic
resources to exploit the vulnerable position of White's king.} g4 $1 $146 {
[%mdl 8] Here is another opening bomb by Alexander! It should be said that
this improvement is clearly showed by Fritz... From now on there follows a
series of forced moves.} ({Morozevich was definitely unhappy with opening
results in his game against Topalov:} 13... Rf8 14. Kg2 g4 15. Nh4 Rg8 (15...
fxe5 16. fxe5 Be7 17. h3 $14) 16. h3 h5 17. hxg4 hxg4 18. Nc3 fxe5 (18... Nxd4
19. exf6 Nxf6 20. Na4 Qa7 21. Qd1 $18) 19. fxe5 Ncxe5 (19... Nxd4 20. Nf5 $1 (
20. Na4 $5 Qc6 21. Bxd4 Qxa4 22. Bd3 $44) 20... exf5 21. Nxd5 Qa5 22. Bc4 (22.
Nc7+ Kd8 23. Qc4 b5 $13) 22... b5 23. Bb3 Bb7 24. Bxd4 $16) 20. dxe5 d4 21. Na4
Qa5 22. Qc4 Nxe5 23. Qxd4 Nf3 24. Nxf3 $18 {1-0 Topalov,V (2783)-Morozevich,A 
(2741)/Morelia/Linares MEX/ESP 2007/The Week in Chess 642 (48)}) 14. Nh4 (14.
Ne1 {[%cal Ye1d3] is even worse:} fxe5 15. dxe5 (15. fxe5 Rf8+ 16. Kg2 Bxe1 $1
17. Qxe1 Ndxe5 $19) 15... d4 (15... Bc5 16. Nd3) 16. Nxd4 Bxe1+ (16... Nxd4 $2
17. Qc4 Bc5 18. b4 $16) 17. Qxe1 Nxd4 18. Qc3 Qc6 (18... Nb5 $2 19. Qb3 $16)
19. Qxd4 Qxh1 20. Rd1 Qf3+ 21. Kg1 Qd5 $19) 14... fxe5 {Blowing up White's
centre.} 15. fxe5 (15. dxe5 $2 {loses immediately:} Bc5 $1 {[%cal Yd5d4]} (
15... d4 {doesn't work, in view of} 16. Nxd4 Nxd4 17. Qc4 $16) 16. Bxc5 Nxc5
$19 {[%cal Rc5d3]}) 15... Ndxe5 $1 {[%mdl 516] This is the point! The diagonal
a7-g1 is opening for Black's queen!} (15... O-O+ {would be a huge mistake.} 16.
Kg2 $16) 16. dxe5 d4 17. Bf4 Rf8 $1 {[%mdl 4] White's pieces are located so
awkwardly that Black has enough time to activate all his forces.} 18. Kg2 Bd7
$1 {The bishop is ready to occupy the long diagonal.} 19. h3 {White tries to
eliminate the g4 pawn, which will give White's monarch the h3 shelter. This
move looks like the least of the evils. I haven't found anything better:} (19.
a3 Be7 20. b4 d3 {[%cal Yb6f2]} 21. Be3 Qb5 {[%cal Yb5d5]} 22. Nc3 Qc4 $17) (
19. Qc2 Nxe5 {[%cal Rd7c6]} 20. Bxe5 Bc6+ 21. Kg1 d3+ 22. Bd4 Qxd4+ 23. Nxd4
dxc2 {[%cal Yb4c5]} 24. Nxe6 Rf6 $19) 19... d3 20. hxg4 {Again the best.} (20.
Be3 Qa5 21. Nf4 Nxe5 22. Kh2 Rc8 23. Qd1 Rc2+ 24. Bg2 Rxf4 $1 25. Bxf4 Nf3+ 26.
Nxf3 gxf3 27. Rg1 Qd5 $17) (20. Nc3 Nxe5 21. Qe3 Bc6+ 22. Kh2 Qxe3 23. Bxe3
Bxh1 (23... Nc4 24. Bh6 Rf2+) 24. Kxh1 Rd8 $19) 20... dxe2 21. Bxe2 Nd4 $15 {
Black has won the material back, and, thanks to better located pieces and a
slightly safer king, his advantage changes from slight to obvious.} 22. Qe3 $2
{It was not a good idea to put the queen on the diagonal, where the
dark-squared bishop is going to operate...} ({Somehow after} 22. Bf3 $1 {
Fritz doesn't show a clear way to get a big advantage:} Rc8 $1 (22... Nxf3 $2
23. Nxf3 Bc6 24. Rh6 $1 O-O-O (24... Rc8 25. Qd1 $13) 25. Rxe6 Kb8 $2 26. Rxc6
$16) 23. Qd1 Rc2+ (23... Be7 24. Kh3 Nxf3 25. Nxf3 Qxb2 26. Rb1 Qc2 $15) 24.
Kh3 Rxb2 $15) 22... Bc5 $17 {Strong and simple. Now White is in trouble.} 23.
b4 (23. Kh3 Nc2 24. Qd2 Nxa1 25. Rxa1 O-O-O 26. Bg5 (26. Rc1 Bc6 27. Qc2 Be3
28. Bxe3 Qxe3 29. Bxa6 Kb8 $19) 26... Rde8 27. Bf6 Rf7 28. g5 Bc6 29. Bh5 Rd7
$17) 23... Qxb4 24. Rhb1 $6 {White has tried to move away the kingside rook
from the h1-a8 diagonal, but his other rook is now stuck in the corner.} ({
Better was} 24. Rab1 Bc6+ (24... Qa5 25. Kh3 Bc6 26. Rhc1 $15) 25. Kh3 Nxe2 26.
Qxe2 Qe4 $17) 24... Qa5 25. Kh3 (25. Rd1 {doesn't change too much:} O-O-O 26.
Rac1 Ba4 $1 27. Rxd4 Rxd4 28. Qc3 (28. Qxd4 Bc6+) 28... Qxc3 29. Rxc3 Bc6+ $19)
25... Nxe2 26. Qxe2 Bd4 $19 {Winning an exchange. Black gets a big material
advantage, while White has no compensation.} 27. Bh6 (27. Qe4 Bxa1 28. Rxa1 Bc6
(28... O-O-O 29. Bg5 Rde8 30. Bf6 $17) 29. Qxh7 O-O-O $19) 27... Rf2 28. Qe4
Bxa1 29. Rxa1 O-O-O {The rest is a matter of simple technique.} 30. Bg5 Bc6 31.
Rc1 Qd5 32. Qxh7 Qxa2 33. Rxc6+ bxc6 34. Nf3 Rxf3 35. Bxd8 Kxd8 {and Black
easily escapes from checks. A very important game for the theory of 8.Ne2 line.
White will have to come up with some new idea, otherwise, they will have to
switch back to 8.Qd2.} 0-1

[Event "Olympiad-34"]
[Site "Istanbul"]
[Date "2000.11.05"]
[Round "8.4"]
[White "Kolev, Atanas"]
[Black "Sulava, Nenad"]
[Result "1-0"]
[WhiteElo "2582"]
[BlackElo "2549"]
[Annotator "Ernst,T"]
[PlyCount "119"]
[EventDate "2000.10.28"]
[EventType "team-swiss"]
[EventRounds "14"]
[EventCountry "TUR"]
[SourceTitle "EXT 2001"]
[Source "ChessBase"]
[SourceDate "2000.11.22"]
[SourceVersion "1"]
[SourceVersionDate "2000.11.22"]
[SourceQuality "1"]
[WhiteTeam "Bulgaria"]
[BlackTeam "Croatia"]
[WhiteTeamCountry "BUL"]
[BlackTeamCountry "CRO"]

1. d4 e6 2. e4 d5 3. Nd2 Nf6 4. e5 Ne4 5. Nxe4 dxe4 6. Bc4 a6 7. Ne2 (7. a4 $16
) 7... c5 8. c3 cxd4 9. cxd4 Bb4+ 10. Bd2 Bxd2+ 11. Qxd2 Nc6 12. Bb3 O-O 13.
Rd1 Qb6 (13... Qa5 14. Qxa5 Nxa5 15. Nc3 $16) 14. O-O Bd7 15. Ng3 Na5 16. Bc2
Bb5 17. Rfe1 Nc4 18. Qg5 h6 19. Qg4 Nxb2 20. Nh5 g6 21. Bxe4 Qd8 (21... Nxd1
22. Bxg6 $18) 22. h4 $1 {Square g5.} Kh8 (22... Nxd1 23. Bxg6 Kh8 24. Qf4 $18)
23. Qf4 g5 24. hxg5 Qxg5 25. Qxg5 hxg5 26. Rb1 $16 {The attack continues in
the endgame.} Nc4 27. Rb3 Rfd8 28. Rh3 Kg8 29. Nf6+ Kf8 30. Rh7 Ke7 31. Bg6 Rf8
32. Ne4 Rad8 33. Nxg5 Be8 $1 {Black defends well.} 34. Nf3 Bc6 35. Be4 Bxe4 36.
Rxe4 Rh8 37. Reh4 $1 Rxh7 38. Rxh7 b5 39. Kf1 b4 40. Ke2 a5 41. Kd3 Nb2+ 42.
Kc2 Na4 43. Ng5 Rc8+ $2 $18 (43... Rf8 44. Kb3 Nc3 45. a3 Nd5 46. axb4 axb4 47.
g3 Ke8 48. f4 $16) 44. Kb3 {Wins another pawn.} Nb6 45. Rxf7+ Ke8 46. Rf3 Kd7
47. Ne4 Rc4 48. Rd3 a4+ 49. Kb2 Nd5 50. Nc5+ Kc6 51. Nxa4 Nf4 52. Rd2 Nxg2 53.
Kb3 Kb5 54. d5 Nf4 55. d6 Rc8 56. Rd4 Nd5 57. d7 Rf8 (57... Rd8 58. Rxd5+ exd5
59. e6 $18) 58. Rxd5+ exd5 59. e6 Kc6 60. Nc5 1-0

[Event "Reykjavik zt"]
[Site "Reykjavik"]
[Date "1995.??.??"]
[Round "6"]
[White "Ernst, Thomas"]
[Black "Thorhallsson, Throstur"]
[Result "1/2-1/2"]
[WhiteElo "2465"]
[BlackElo "2420"]
[Annotator "Ernst,T"]
[PlyCount "60"]
[EventDate "1995.03.??"]
[EventType "swiss"]
[EventRounds "11"]
[EventCountry "ISL"]
[SourceTitle "CBM 047"]
[Source "ChessBase"]
[SourceDate "1995.08.01"]
[SourceVersion "1"]
[SourceVersionDate "1995.08.01"]
[SourceQuality "1"]

1. e4 e6 2. d4 d5 3. Nc3 Nf6 4. e5 Nfd7 5. f4 c5 6. Nf3 Nc6 7. Be3 a6 8. Qd2 b5
9. dxc5 Bxc5 10. Bxc5 Nxc5 11. Qf2 {[#]} Na4 $5 $146 12. Nxa4 $2 (12. Nd1 $1
$14) 12... bxa4 13. Bd3 Rb8 {><b2} (13... a3 $5) 14. c3 $1 (14. b3 $2 Qa5+ $1 (
14... Qb6 $2 15. O-O $14 {Ernst,T-Bikhovsky,A/Dortmund/1992}) 15. Qd2 Qc5 $10)
14... Qb6 15. Rb1 Bd7 16. Bc2 $2 (16. b3 $1 O-O (16... axb3 17. axb3 Qa5 $1 18.
Qd2 (18. b4 $2 Qa3 19. Qd2 a5 $1 20. b5 Na7 $17) 18... O-O 19. O-O d4 20. Bxh7+
Kxh7 21. Ng5+ Kg8 22. Qd3 Rfd8 $13) 17. Qxb6 Rxb6 18. Kd2 $14) 16... Qxf2+ 17.
Kxf2 Na5 18. Nd4 Ke7 19. Bd3 Rb6 20. Rhe1 Rhb8 21. Re2 Nc6 22. Nxc6+ Bxc6 23.
Ke3 Bb5 24. Bxb5 Rxb5 25. Kd3 a5 26. Kc2 Rc5 27. Kd3 g6 (27... a3 28. b3 a4 29.
Rc2 Rcb5 30. b4 $1) 28. g3 Rbc8 29. Rc2 Rb5 30. Re1 Rc7 1/2-1/2

[Event "Goodricke op 12th"]
[Site "Kolkata"]
[Date "2001.02.11"]
[Round "6"]
[White "Sharma, Dinesh Kumar"]
[Black "Neelotpal, Das"]
[Result "1-0"]
[WhiteElo "2353"]
[BlackElo "2423"]
[Annotator "Ernst,T"]
[PlyCount "97"]
[EventDate "2001.02.06"]
[EventType "swiss"]
[EventRounds "11"]
[EventCountry "IND"]
[SourceTitle "CBM 082"]
[Source "ChessBase"]
[SourceDate "2001.05.17"]
[SourceVersion "1"]
[SourceVersionDate "2001.05.17"]
[SourceQuality "1"]

1. e4 e6 2. d4 d5 3. Nc3 Nf6 4. e5 Nfd7 5. f4 c5 6. Nf3 Nc6 7. Be3 a6 8. Qd2 b5
9. dxc5 Bxc5 10. Bxc5 Nxc5 11. Qf2 Qb6 12. b4 $1 Nd7 13. a4 Nxb4 14. axb5 a5
15. Qxb6 Nxb6 16. Nd4 $16 f6 17. Na4 fxe5 18. fxe5 Nxa4 19. Rxa4 O-O 20. g3 Bd7
21. Ra3 Rf5 22. c3 $1 {Wins a piece or the exchange.} Rxf1+ (22... Rxe5+ 23.
Kd2 $16) 23. Kxf1 Nd3 24. Nf3 {Keeps the important e5-pawn.} Bxb5 25. Kg2 Nc5
26. Nd4 Bd3 27. Rha1 a4 28. Nb3 $1 Be4+ 29. Kg1 Nxb3 30. Rxb3 Rc8 31. Rb2 Rxc3
(31... Rc4 32. Ra3 Kf7 33. Rb4 $16) 32. Rxa4 h5 33. Rb7 Rc1+ 34. Kf2 Rc2+ 35.
Ke3 Rc3+ 36. Kd4 Rd3+ 37. Kc5 Kh7 38. Raa7 $18 Kh6 39. Rxg7 Bf5 40. Rgf7 Rc3+
41. Kd6 h4 42. g4 Bg6 (42... Bxg4 43. Rf6+ Kg5 44. Rg7+ Kh5 45. Rf8 $18) 43.
Rf6 d4 44. Kxe6 d3 45. Rd7 Rc2 46. Rxd3 Rxh2 47. Rd8 Rg2 48. Rh8+ Kg7 (48...
Kg5 49. Rg8) 49. Rxh4 1-0

[Event "Malmo"]
[Site "Malmo"]
[Date "1994.??.??"]
[Round "3"]
[White "Hellers, Ferdinand"]
[Black "Andersson, Ulf"]
[Result "1/2-1/2"]
[WhiteElo "2560"]
[BlackElo "2620"]
[Annotator "Ernst,T"]
[PlyCount "79"]
[EventDate "1994.06.??"]
[EventType "tourn"]
[EventRounds "9"]
[EventCountry "SWE"]
[EventCategory "12"]
[SourceTitle "CBM 042"]
[Source "ChessBase"]
[SourceDate "1994.10.01"]
[SourceVersion "1"]
[SourceVersionDate "1994.10.01"]
[SourceQuality "1"]

1. e4 e6 2. d4 d5 3. Nc3 Nf6 4. e5 Nfd7 5. f4 c5 6. Nf3 Nc6 7. Be3 cxd4 8. Nxd4
Bc5 9. Qd2 Nxd4 10. Bxd4 Bxd4 11. Qxd4 Qb6 12. Nb5 (12. O-O-O Qxd4 13. Rxd4 Ke7
14. h4 h5 15. Be2 Nb8 16. Rd2 $14 {Dreev-Bareev/1986/}) 12... Qxd4 13. Nxd4 Ke7
14. h4 Nb8 15. h5 Nc6 16. Nf3 h6 17. Kd2 Bd7 18. Bd3 f6 19. Rae1 $14 Rhf8 20.
g3 fxe5 21. Nxe5 Nxe5 22. Rxe5 Rac8 23. Ke3 a6 24. Kd4 Kd6 25. Rhe1 Rf6 26. b3
$6 (26. f5 $1 {Wessman} Rcf8 (26... exf5 27. Rxd5+ Kc6 28. Re7 $18) 27. g4 R8f7
28. c4 $16) 26... Rcf8 27. c4 dxc4 28. bxc4 b6 29. c5+ (29. Rb1 Kc7 30. c5 b5
$14) 29... bxc5+ 30. Rxc5 Rb8 31. Ra5 Bc8 32. Rc1 (32. Bxa6 Ra8 33. Rb1 Ke7 34.
Rb6 Rxa6 35. Rbxa6 Bxa6 36. Rxa6 Rf5 37. Ra7+ Kf6 38. a4 Rxh5 39. a5 Rh3 $14)
32... Rf7 33. Rac5 (33. Bxa6 Ra7 $17) 33... Rb4+ 34. R1c4 Rxc4+ 35. Rxc4 Bb7
36. Ra4 Rf8 37. Bxa6 Bc6 38. Rb4 Rf5 39. Be2 Ra5 40. Rb2 1/2-1/2

[Event "FRA-ch"]
[Site "Montpellier"]
[Date "1991.??.??"]
[Round "?"]
[White "Spassky, Boris Vasilievich"]
[Black "Prie, Eric"]
[Result "1-0"]
[WhiteElo "2550"]
[BlackElo "2460"]
[Annotator "Ernst,T"]
[PlyCount "69"]
[EventDate "1991.08.??"]
[EventType "tourn"]
[EventRounds "15"]
[EventCountry "FRA"]
[EventCategory "8"]
[SourceTitle "CBM 027"]
[Source "ChessBase"]
[SourceDate "1992.04.01"]
[SourceVersion "1"]
[SourceVersionDate "1992.04.01"]
[SourceQuality "1"]

1. d4 e6 2. e4 d5 3. Nc3 a6 4. Nf3 Nf6 5. e5 Nfd7 6. Bd3 c5 7. dxc5 Nc6 8. Bf4
Nxc5 9. O-O Be7 10. Re1 Bd7 11. Qd2 b5 12. a3 b4 13. axb4 Nxd3 14. Qxd3 Nxb4
15. Qd2 O-O 16. Ne2 Qb6 17. Be3 Qc7 18. Ned4 {Ein ideales Feld für den
Springer.} Rfc8 19. c3 Nc6 20. Bg5 Bf8 21. Nxc6 Qxc6 22. Nd4 Qb7 23. Re3 h6 24.
Bf4 a5 25. Rg3 Kh8 26. Qe2 Rab8 27. b3 a4 28. Bxh6 $1 Rxc3 (28... gxh6 29. Qg4
$18) 29. Bxg7+ Bxg7 30. Rxc3 Qb4 31. Qe3 Kg8 32. bxa4 Bxa4 33. Rac1 Qb2 34. Qg5
Kf8 35. Rc7 1-0

[Event "Reykjavik zt"]
[Site "Reykjavik"]
[Date "1995.??.??"]
[Round "9"]
[White "Ernst, Thomas"]
[Black "Manninen, Marko"]
[Result "1-0"]
[WhiteElo "2465"]
[BlackElo "2365"]
[Annotator "Ernst,T"]
[PlyCount "69"]
[EventDate "1995.03.??"]
[EventType "swiss"]
[EventRounds "11"]
[EventCountry "ISL"]
[SourceTitle "CBM 047"]
[Source "ChessBase"]
[SourceDate "1995.08.01"]
[SourceVersion "1"]
[SourceVersionDate "1995.08.01"]
[SourceQuality "1"]

1. e4 e6 2. d4 d5 3. Nc3 Nf6 4. e5 Nfd7 5. f4 c5 6. Nf3 Nc6 7. Be3 cxd4 8. Nxd4
Qb6 9. Qd2 Qxb2 10. Rb1 Qa3 11. Bb5 Nxd4 12. Bxd4 Bb4 13. O-O a6 (13... O-O 14.
Rb3 Qa5 15. Qf2 Nb6 $2 (15... f5) 16. a3 (16. g4) 16... Be7 17. Ne4 $1 Nc4 18.
Nf6+ Bxf6 19. exf6 Qd2 20. fxg7 $18 {Ziatdinov-Zuger/Biel/1994/}) 14. Rb3 Qa5
15. Rfb1 {[#]} Ba3 (15... Qxb5) (15... Be7 $5 16. Bxd7+ Bxd7 17. Kh1 (17. Rxb7
Rc8 18. Kh1 Bc5 19. Bxc5 Rxc5 $15 {/\ 20.Rb8 Bc8.}) 17... f5 $44 {Magem Badals}
) 16. Bxd7+ Bxd7 {[#]} 17. Kh1 $2 {/\ 18.Bb6,ףa5} (17. Ne4 $5 Qa4 18. Rb4) (
17. Rxb7 $6 Rc8 18. Kh1 Bc5 $15) (17. Qe3 Rc8 18. Rxb7 Bc5 19. Ne2 Bxd4 20.
Nxd4 Rd8 $14) 17... Bc5 (17... b5 $2 18. Qe3 Rb8 19. Nxd5 $16) 18. Rxb7 (18.
Bxc5 Qxc5 19. Rxb7 Rd8 (19... Rc8 $4 20. Ne4 $18) 20. Ne2 {Magem Badals-Zuger/
Horgen/1994/}) 18... Rc8 19. Bxc5 Rxc5 20. R1b3 Bc8 21. R7b4 Qc7 $2 22. h3 O-O
23. Qe3 Rc4 $2 (23... a5 24. Nb5 Qb6 25. Ra4) 24. Rxc4 Qxc4 25. Qd2 Bd7 26. Ne2
Bb5 27. Nd4 g6 28. Kh2 Rc8 29. Rg3 Bd7 30. a3 {[#]} Kg7 $2 (30... Kh8 $1 $14) (
30... Qa4 $5) 31. Rb3 Bb5 $2 {[#]} (31... Rc7 $1) 32. f5 $1 Qc7 (32... exf5 33.
Nxf5+ $1) 33. f6+ $1 (33. Qf4 $2 exf5 34. Nxf5+ gxf5 35. Rg3+ Kf8 36. Qh6+ Ke8
37. Qf6 Kd7 $1 $17) 33... Kh8 34. Nf3 {[#]} Rg8 $2 (34... Qc5 35. Qh6 $1 (35.
Rb4 Qf8 36. a4 (36. Rh4 Rc4 37. Rh6 $2 Kg8 $13) 36... Rc4 $1 37. Rxc4 Bxc4 38.
Qa5 Qb8 $1 $14) (35. a4 Bxa4 36. Rb7 Qf8 37. Ng5 Be8 38. Qf2 h6 $13) 35... Qf8
36. Ng5 $1 Qg8 (36... Qxh6 37. Nxf7+ Kg8 38. Nxh6+ $18) 37. a4 Bxa4 38. Rb7 Be8
39. Nxe6 (39. Ra7 $18 {/\ Rxa6,Ra7,Nxe6}) 39... a5 40. Ng5 a4 41. e6 $18) 35.
Qh6 1-0

[Event "NED-ch47"]
[Site "Eindhoven"]
[Date "1992.03.26"]
[Round "8"]
[White "Van der Wiel, John"]
[Black "Kuijf, Marinus"]
[Result "1-0"]
[WhiteElo "2540"]
[BlackElo "2440"]
[Annotator "Ernst,T"]
[PlyCount "72"]
[EventDate "1992.03.17"]
[EventType "tourn"]
[EventRounds "11"]
[EventCountry "NED"]
[EventCategory "10"]
[SourceTitle "CBM 030"]
[Source "ChessBase"]
[SourceDate "1992.10.01"]
[SourceVersion "1"]
[SourceVersionDate "1992.10.01"]
[SourceQuality "1"]

1. e4 e6 2. d4 d5 3. Nd2 Nf6 4. e5 Ne4 5. Nxe4 dxe4 6. Bc4 Nc6 (6... a6 7. a4
b6 8. Nh3 Bb7 9. Nf4 Nc6 10. Be3 Ne7 11. O-O g6 12. Qe2 Nf5 13. Rfd1 Bh6 14. a5
$1 O-O 15. axb6 cxb6 {Aseev - Lputjan, SSSR (ch) 1984.} 16. c3 $16) 7. c3 a6 8.
Bb3 Na5 9. Bc2 c5 10. Bxe4 cxd4 11. Qxd4 Qxd4 12. cxd4 Bd7 $16 13. Bd2 Bc6 14.
f3 Nc4 15. Bxc6+ bxc6 16. Rc1 Nxb2 17. Rxc6 Kd7 18. Rb6 Nc4 19. Rb7+ Kc6 20.
Rxf7 Rb8 21. Bc1 Rb1 22. Ne2 Ra1 23. O-O Rxa2 24. Nf4 Bb4 25. Nxe6 $18 Kd5 26.
Nf4+ Kxd4 27. Rd7+ Kc3 (27... Kxe5 28. Nd3+ Ke6 29. Nxb4 $18) 28. Rd3+ Kc2 29.
Rf2+ Kxc1 30. Rxa2 a5 31. Rb3 Nd2 32. Rbb2 Rd8 33. e6 Bc5+ 34. Kh1 g5 35. Ne2+
Kd1 36. Nc3+ Ke1 1-0

[Event "Interzonal-15"]
[Site "Manila"]
[Date "1990.??.??"]
[Round "5"]
[White "De Firmian, Nick E"]
[Black "Dreev, Alexey"]
[Result "1/2-1/2"]
[WhiteElo "2560"]
[BlackElo "2615"]
[Annotator "Ernst,T"]
[PlyCount "101"]
[EventDate "1990.06.29"]
[EventType "swiss"]
[EventRounds "13"]
[EventCountry "PHI"]
[SourceTitle "CBM 019"]
[Source "ChessBase"]
[SourceDate "1990.12.01"]
[SourceVersion "1"]
[SourceVersionDate "1990.12.01"]
[SourceQuality "1"]

1. e4 e6 2. d4 d5 3. Nc3 Nf6 4. e5 Nfd7 5. f4 c5 6. Nf3 Nc6 7. Be3 a6 $5 8. Qd2
b5 9. Be2 Qb6 10. Nd1 $5 b4 $5 (10... f6) 11. O-O cxd4 12. Nxd4 Nxd4 13. Bxd4
Qxd4+ $5 (13... Bc5 14. c3 $14) 14. Qxd4 Bc5 15. c3 bxc3 16. bxc3 (16. Qxc5
Nxc5 17. Nxc3 Rb8 18. Rab1 d4 19. b4 dxc3 20. bxc5 Rxb1 21. Rxb1 Ke7 22. Rc1
Rd8 $10) 16... Ke7 $10 17. Ne3 Bxd4 18. cxd4 a5 19. Rac1 Ba6 20. Bxa6 Rxa6 21.
f5 $5 Rb8 22. Ng4 $1 (22. Rf3 f6 $1) 22... exf5 23. Ne3 Ke6 24. Nxf5 g6 25. Nh4
(25. Ng7+ Ke7 26. Rc7 Rd8 27. Rb1 Raa8 28. Rb6 Rac8 29. Ra7 Ra8 $10 {פg7})
25... Rab6 26. Nf3 h6 27. Rc2 Rb1 (27... Rb2 $5) 28. Ne1 R8b4 29. Rc6+ Ke7 30.
Nc2 Rb6 31. Rc7 Rb7 32. Rc8 Rb8 33. Rxb8 Rxb8 34. Ne3 Ke6 35. Rc1 Rb6 36. Rc8
f6 37. Re8+ Kf7 38. Rd8 Ke7 39. Rg8 Rb1+ 40. Kf2 fxe5 $6 {|} (40... Kf7 $10)
41. Rxg6 exd4 42. Nxd5+ Kf7 43. Rxh6 $14 Ne5 $1 $8 44. Rf6+ Kg7 45. Re6 Rb2+
46. Kg3 Re2 $1 47. Nf4 Re3+ 48. Kh4 d3 $10 49. Rd6 (49. Nxd3 $2 Ng6+ $19) 49...
Re4 50. Kg3 Re3+ 51. Kh4 1/2-1/2

[Event "Interzonal-15"]
[Site "Manila"]
[Date "1990.??.??"]
[Round "2"]
[White "De Firmian, Nick E"]
[Black "Short, Nigel D"]
[Result "1-0"]
[WhiteElo "2560"]
[BlackElo "2610"]
[Annotator "Ernst,T"]
[PlyCount "81"]
[EventDate "1990.06.29"]
[EventType "swiss"]
[EventRounds "13"]
[EventCountry "PHI"]
[SourceTitle "CBM 019"]
[Source "ChessBase"]
[SourceDate "1990.12.01"]
[SourceVersion "1"]
[SourceVersionDate "1990.12.01"]
[SourceQuality "1"]

1. e4 e6 2. d4 d5 3. Nc3 Nf6 4. e5 Nfd7 5. f4 c5 6. Nf3 Nc6 7. Be3 cxd4 8. Nxd4
Bc5 9. Qd2 O-O 10. O-O-O a6 11. Kb1 (11. h4 Qc7 12. h5 Rb8 13. Rh3 Bb4 14. a3
Ba5 $13) 11... Nxd4 (11... Qc7 $5) 12. Bxd4 b5 13. h4 $5 (13. g4) (13. Bxc5)
13... Bb7 14. h5 b4 15. Ne2 a5 16. Bxc5 Nxc5 17. Nd4 Ne4 18. Qe3 $14 Qb6 19.
Bd3 f6 (19... Nc3+ $2 20. bxc3 bxc3+ 21. Bb5 $18) (19... a4 20. Bxe4 dxe4 21.
Nf5 $14) 20. h6 g6 21. exf6 (21. Bxe4 $5 dxe4 22. Nf5 Qxe3 23. Nxe3 fxe5 24.
fxe5 $14 {><f6, d6}) 21... Rxf6 22. g3 a4 23. Rhe1 Rc8 24. Bxe4 dxe4 25. Qe2
Rc5 26. Qd2 $138 Rf7 27. Qe3 Bd5 28. Ne2 b3 $6 29. cxb3 axb3 30. a3 $16 {
><e4, b3} Rfc7 (30... Qc6 $5) 31. Nc3 Qb7 32. Nxe4 $18 Bxe4+ 33. Qxe4 Qxe4+ 34.
Rxe4 Kf7 35. Rb4 $1 Rh5 36. Rxb3 Rxh6 37. Rc1 Ra7 38. Rbc3 Kf6 39. b4 Rh3 40.
Kb2 h5 41. Kb3 1-0

[Event "Horgen SKA"]
[Site "Horgen"]
[Date "1994.??.??"]
[Round "4"]
[White "Magem Badals, Jordi"]
[Black "Zueger, Beat"]
[Result "1/2-1/2"]
[WhiteElo "2520"]
[BlackElo "2420"]
[Annotator "Ernst,T"]
[PlyCount "46"]
[EventDate "1994.09.??"]
[EventType "tourn"]
[EventRounds "11"]
[EventCountry "SUI"]
[EventCategory "10"]
[SourceTitle "CBM 043"]
[Source "ChessBase"]
[SourceDate "1994.12.01"]
[SourceVersion "1"]
[SourceVersionDate "1994.12.01"]
[SourceQuality "1"]

1. e4 e6 2. d4 d5 3. Nc3 Nf6 4. e5 Nfd7 5. f4 c5 6. Nf3 Nc6 7. Be3 cxd4 8. Nxd4
Qb6 9. Qd2 Qxb2 10. Rb1 Qa3 11. Bb5 Nxd4 12. Bxd4 Bb4 13. O-O a6 14. Rb3 Qa5
15. Rfb1 Ba3 (15... Qxb5 16. Rxb4 Qc6 17. f5 h6 18. f6 $16 {Georgiev,
Kir-Dolmatov/Moskva(GMA)/1990/}) 16. Bxd7+ Bxd7 17. Kh1 Bc5 (17... b5 18. Qe3
$18) 18. Bxc5 (18. Rxb7 $14) 18... Qxc5 19. Rxb7 Rd8 20. Ne2 Qf2 $1 $10 21.
R1b3 O-O 22. Rf3 Qc5 23. Nd4 Rb8 1/2-1/2